Vzdělávací a diskusní gastroenterologické dny 19.-21. listopadu 1998, Karlovy Vary

Bibliographic Details
Format: Article
Language:Slovak
Czech
ISSN:1210-7824
Subjects:

MARC

LEADER 00000nab a2200000 a 4500
001 vtls000756474
003 SK-MaSNL
005 20260304105631.0
008 250429c1999 xo 0 slo
015 |a SNBRB2001/05-14741 
035 |a CLN000108261 
035 |a urn:nbn:sk:snk-abah80 
035 |a (urnnbn)urn:nbn:sk:snk:ar-007t3r 
035 |a (uuid)70e126e9-9219-42b8-9ee5-8f844652593a 
040 |a SNKBUCL  |b slo  |c SNKBUCL  |e AACR2 
041 0 |a cze 
044 |a xo  |c SK 
080 |a 616.32/.39:061.3  |2 1997 
245 0 0 |a Vzdělávací a diskusní gastroenterologické dny 19.-21. listopadu 1998, Karlovy Vary 
650 0 7 |a gastroenterológia  |2 snkbucl  |9 1164 
650 0 7 |a kongresy  |2 snkbucl  |9 19200 
650 0 7 |a abstrakty  |2 snkbucl  |9 90504 
655 7 |a články z novín a časopisov  |2 snkbucl  |9 267496 
773 0 |t Česká a slovenská gastroenterologie  |g Roč. 53, č. 3 (1999)  |g S. A1-A29  |x 1210-7824  |x 1210-7824 
773 0 |t [Príl.] Vědecké schůze  |g Roč. 53, č. 3 (1999)  |g S. A1-A29  |x 1210-7824  |x 1210-7824 
850 |a Slovenská národná knižnica 
852 |a Slovenská národná knižnica 
954 |a odborná, vedecká literatúra cudzojazyčná (svetová)  |2 lita 
958 |a article14 
958 |a MI 
958 |a OND 
958 |a EUIPO 
999 |c 2856420  |d 2858350